000
00493nam a2200133Ia 4500
008
100328s9999 xx 000 0 und d
082
_b
54167
100
_a
बेहेरे श्री.ना.
245
_a
बेल तेल,वॉशिंग,पॉलिश व रंग
260
_b
उदयम
630
_a
बेल तेल,वॉशिंग,पॉलिश व रंग
730
_a
बेल तेल,वॉशिंग,पॉलिश व रंग
942
_c
BOOK
999
_c
540890
_d
540887